000 01159nam a2200289 c 4500
003 BLK
005 20180422100027.0
008 180407b bul|||||r ||||||| ||bul||
010 _aKNG00034274000
020 _a954-738-044-3
_bиздат.: Литера Прима
040 _aBLK
041 _aBUL
_cBUL
080 _aНемска литература
_b821.112.2
_x-312.9
_z821.112.2-312.9
100 1 _aХолбайн, Волфганг
_eпърви автор
_9244773
700 1 _aЕвстатиева, Здравка Георгиева
_eпрев. от нем.
_9365748
139 _aХолбайн, Волфганг
_bХ 60
245 1 0 _aВълче сърце
_bНаучнофантаст. роман
_cВолфганг Холбайн; прев. от нем. Здравка Георгиева Евстатиева.
260 София
_bЛитера Прима
_c2000
_fСофия : Образование и наука
300 _a416 с.
_c20 см
380 _aX
490 1 _aНетрадиционни романи
852 _aЦб 206538
856 4 _qpdf
_u
856 4 _qpdf
_u
942 _cKNG
_n0
944 _aCR
_c15.01.2003
_kAB_DOS
944 _aED
_c15.01.2003
_k
999 _c31618
_d31618